000 00412 a2200145 4500
999 _c1892
_d1892
020 _a9781481736893
050 _aBF637 VUD 2013
100 _aVudzijena, Ashbel
_eauthor
245 _aDiscover your purpose and enjoy personal fulfilment
264 _aLondon;
_bAuthorHouse,
_c2013
300 _a148
_bill.
500 _aIncludes index
650 _aSocial sciences
_xSocial sciences
942 _2lcc
_cBK
_h637
_iVUD
_kBF